000 00514nam a2200193Ia 4500
001 21421
003 GE_BSU
008 181216s||||||||xx |||||||||||||| ||und||
040 _cGE_BSU
080 _aპერიოდიკა
245 _aParis Match, du 12 au 18 Octobre №3569. 2017
260 _aParis
260 _c2017
300 _a147p. ill. 28cm.
653 _aParis Match, du 12 au 18 Octobre №3569. 2017
653 _aПериодика
653 _aპერიოდიკა
942 _cCR
999 _c54365
_d54365